Manual del Perito Mďico Fundamentos jurd̕icos-prc̀ticos /

Detalles Bibliográficos
Autor principal: Jouvencel, M.R
Formato: Desconocido
Lenguaje:español
Publicado: Barcelona : Bosch, 1991
Materias:
Acceso en línea:Acceso restringido

MARC

LEADER 00000ny a22000003n 4500
005 20110606122824.0
008 951108s1991 sp d s 000 0 spa c
017 |a Z642-91 
020 |a 8476981465 
035 |a 1201 
040 |a UMA.DER  |d vLex 
040 |a UMA.RE  |d vLex 
080 |a 347.948:61-051(035) 
080 |a 61-051(035):347.948 
090 |c 483  |d 483 
100 1 |a Jouvencel, M.R 
245 1 0 |a Manual del Perito Mďico  |h [Recurso electrn̤ico]  |b Fundamentos jurd̕icos-prc̀ticos /  |c M.R. Jouvencel 
256 |a Servicio en ln̕ea 
260 |a Barcelona :  |b Bosch,  |c 1991 
300 |a 164 p. ;  |c 24 cm 
505 8 |a Referencias bibliogrf̀icas 
506 1 |a Contenido solo disponible en los productos indicados  |d vLex Global  |d vLex Global (Academic Edition, excluding Law Schools)  |d vLex Global (U.S. Academic Edition, Law Schools)  |d vLex Global (U.S. Academic Edition, excluding Law Schools)  |d vLex Global (Academic Edition, Law Schools) 
650 0 7 |a Procesal  |2 Tesauro vLex 
650 0 7 |a Ausn̊cia de Previsibilidade  |2 Tesauro vLex 
650 0 7 |a Peritos  |2 Tesauro vLex 
740 0 |a vLex Libros (Servicios en ln̕ea) 
856 4 0 |u http://vlex.com/source/1201  |z Acceso restringido 
942 |c BOOK 
999 0 |a Procedure (Law)  |b Barcelona